000 01013cam a2200301 a 4500
008
020 _a9781848134379 (pbk. )
049 _aMAIN
090 _aDT38.9.C6
_bRIS
245 0 4 _aThe rise of China and India in Africa :
_bchallenges, opportunities and critical interventions /
_cedited by Fantu Cheru and Cyril Obi.
260 _aLondon :
_bZed Books,
_cc2010.
300 _axii, 276 p. :
_bill. ;
_c24 cm.
440 1 _aAfrica now.
504 _aIncludes bibliographical references.
500 _aIncludes index.
650 0 _aAfrica
_xForeign relations
_zChina.
650 0 _aChina
_xForeign relations
_zAfrica.
650 0 _aAfrica
_xForeign relations
_zIndia.
650 0 _aAfrica
_xEconomic conditions
_y21st century.
700 1 _aCheru, Fantu.
700 1 _aObi, C.I.
710 2 _aNordiska Afrikainstitutet.
907 _a.b10299397
_b10-09-15
_c07-07-11
003
005 20230123125317.0
040 _cNUST
942 _cBOOKS
_kDT38.9.C6
_mRIS
999 _c139337
_d139337